000 00356nam a22001457a 4500
008 150901b xxu||||| |||| 00| 0 eng d
020 _a-
082 _a620.1 LOW
100 _96308
_aLow, David Allan
245 _aApplied Mechanics
_cDavid Allan Low
260 _c1962
300 _a551p.
650 _96312
_aMechanical Engineering
_xME
942 _2ddc
_cBK
999 _c64953
_d64953